Detalles MARC
| 000 -LIDER |
| fixed length control field |
01741nam a2200301 a 4500 |
| 001 - NÚMERO DE CONTROL |
| Identificador de número de control |
000044698 |
| 003 - IDENTIFICACDOR DE NÚMERO DE CONTROL |
| control field |
|
| 005 - DATE AND TIME OF LATEST TRANSACTION |
| control field |
20241008140009.0 |
| 007 - CAMPOS FIJOS DE DESCRIPCIÓN FÍSICA |
| fixed length control field |
ta |
| 008 - ELEMENTOS DE LONGITUD FIJA |
| fixed length control field |
141218s2012 dr r 000 0 spa d |
| 020 ## - ISBN |
| International Standard Book Number |
9789945443868 |
| 040 ## - FUENTE DE CATALOGACIÓN |
| Agencia que crea de manera original el registro |
DO-SdBP |
| Idioma de catalogación |
spa |
| Agencia que realiza la transcripción |
BPMSU |
| 082 #4 - NÚMERO DE CLASIFICACIÓN DECIMAL DE DEWEY |
| Classification number |
306.97293 |
| Item number |
L258e 2012 |
| Edition number |
22 |
| 100 1# - ASIENTO PRINCIPAL -- NOMBRE PERSONAL |
| Nombre personal |
Landolfi, Ciriaco |
| Fechas asociadas con el nombre |
1927- |
| 245 10 - MENCIÓN DE TITULO |
| Título |
Evolución cultural dominicana (1844-1899) / |
| Mención de responsabilidad |
Ciriaco Landolfi Rodríguez. |
| 250 ## - MENCIÓN DE EDICION |
| Mención de edición |
2a ed. |
| 260 ## - PUBLICACIÓN, DISTRIBUCIÓN, ETC. (PIE DE IMPRENTA) |
| Lugar de publicación, distribución, etc |
Santo Domingo : |
| Nombre del editor, distribuidor, etc. |
Banco Central de la República Dominicana, |
| Fecha de publicación, distribución, etc |
2012. |
| 300 ## - DESCRIPCIÓN FÍSICA |
| Extensión |
305 p. ; |
| Dimensiones |
23 cm. |
| 490 0# - MENCIÓN DE SERIES |
| Mención de serie |
Banco Central de la República Dominicana; |
| -- |
Ciencias sociales, |
| Volume/sequential designation |
65/29 |
| 500 ## - NOTA GENERAL |
| Nota general |
Incluye referencias bibliográficas y notas al pie de las páginas |
| 500 ## - NOTA GENERAL |
| Nota general |
Incluye datos biográficos del autor en las solapas |
| 505 0# - NOTA DE CONTENIDO |
| Texto normalizado de contenido |
Raíces, 13 -- El legado cultural al umbral de la independencia política, 43 -- La I República, 61 -- Fracaso de la supuesta identidad cultura española en 1861, 95 -- Algunos supuestos históricos de la evolución cultural dominicano de 1865 a 1899, 111 -- Éramos un pueblo ágrafo, 123 -- Monteros vs. tabaqueros (reflexiones sobre textos y contextos de una neuralgia política), 149 -- 1873 llega a su término el proceso de intelección de la idea nacional, 191 -- Una cultura urbana cosmopolita, 217 -- La ciudad de santo domingo: el contrapunto urbano (con apuntaciones a la diversidad cultural dominicana del último tercio del siglo XIX), 237 -- Estancamiento cultural a final del siglo XIX, 26 |
| 590 ## - NOTA LOCAL |
| Texto de la nota local |
Inventariado, 2024/VM |
| 650 #4 - ENCABEZAMIENTO DE MATERIA--TEMÁTICO |
| Término temático o nombre geográfico como elemento de entrada |
Evolución cultural |
| Subdivisión temática general |
Historia |
| Subdivisión geográfica |
República dominicana |
| 650 #4 - ENCABEZAMIENTO DE MATERIA--TEMÁTICO |
| Término temático o nombre geográfico como elemento de entrada |
Identidad cultural |
| 910 ## - VALIDACIÓN |
| Validación |
VMateo V. Control de calidad. BPMSU |
| 942 ## - ADDED ENTRY ELEMENTS (KOHA) |
| Source of classification or shelving scheme |
Dewey Decimal Classification |
| Koha item type |
Libros |